Beyond transport infrastructure (Record no. 105542)

MARC details
000 -LEADER
fixed length control field 01493cam a2200265 4500
001 - CONTROL NUMBER
control field ##L134097
008 - FIXED-LENGTH DATA ELEMENTS--GENERAL INFORMATION
fixed length control field 060710n2006 000 0 eng u
035 ## - SYSTEM CONTROL NUMBER
System control number (Sirsi) u134097
041 0# - LANGUAGE CODE
Language code of text/sound track or separate title eng
050 04 - LIBRARY OF CONGRESS CALL NUMBER
Classification number 625.7026 $2 18
100 1# - MAIN ENTRY--PERSONAL NAME
Personal name Matson, Lilli
245 00 - TITLE STATEMENT
Title Beyond transport infrastructure
Remainder of title lessons for the future from recent road projects - final report for CPRE and the Countryside Agency
Medium [electronic resource]
260 ## - PUBLICATION, DISTRIBUTION, ETC.
Place of publication, distribution, etc. London
Name of publisher, distributor, etc. CPRE
Place of publication, distribution, etc. London
Name of publisher, distributor, etc. Countryside Agency
Date of publication, distribution, etc. 2006
520 ## - SUMMARY, ETC.
Summary, etc. Seeks to throw further light on the issue of what happens to road schemes once they have been built and to learn about the consequences arising from road schemes in terms of traffic growth, landscape impact and related development pressure. These important issues are not being picked up by the Highways Agency's own post-construction analysis for new road schemes. Covers the policy and technical background and English case study research and methodology. Makes recommendations for national roads policy and the future evaluation of road schemes.
590 ## - LOCAL NOTE (RLIN)
Local note IKA180706
651 #4 - SUBJECT ADDED ENTRY--GEOGRAPHIC NAME
Geographic name England
Chronological subdivision 886-
690 ## - LOCAL SUBJECT ADDED ENTRY--TOPICAL TERM (OCLC, RLIN)
Topical term or geographic name as entry element PROPERTY-INFRASTRUCTURE-ROAD INFRASTRUCTURE
700 1# - ADDED ENTRY--PERSONAL NAME
Personal name Taylor, Ian
700 1# - ADDED ENTRY--PERSONAL NAME
Personal name Sloman, Lynn
700 1# - ADDED ENTRY--PERSONAL NAME
Personal name Elliott, John
710 2# - ADDED ENTRY--CORPORATE NAME
Corporate name or jurisdiction name as entry element Countryside Agency
9 (RLIN) 3740
710 2# - ADDED ENTRY--CORPORATE NAME
Corporate name or jurisdiction name as entry element Campaign to Protect Rural England
9 (RLIN) 4718
856 40 - ELECTRONIC LOCATION AND ACCESS
Uniform Resource Identifier <a href="https://www.china-up.com:8080/international/case/case/597.pdf">https://www.china-up.com:8080/international/case/case/597.pdf</a>
Public note View the report free of charge at www.china-up.com
942 ## - ADDED ENTRY ELEMENTS (KOHA)
Suppress in OPAC 0
Holdings
Withdrawn status Lost status Source of classification or shelving scheme Damaged status Not for loan Home library Current library Shelving location Date acquired Total Checkouts Full call number Barcode Date last seen Copy number Price effective from Koha item type
    Dewey Decimal Classification     Virtual Virtual Online 10/07/2006   ONLINE PUBLICATION 134097-2001 06/08/2019 1 06/08/2019 Book